[Event "Eurasia Open Cup 2019"]
[Site "Ekaterinburg"]
[Date "2019.08.09"]
[Round "9.22"]
[White "Davtyan, Artur"]
[Black "Novikov, Evgenij"]
[Result "0-1"]
[WhiteElo "2440"]
[BlackElo "2164"]
[Annotator "TA"]
[PlyCount "76"]
[EventDate "2019.07.31"]
[EventType "swiss"]
[EventCountry "RUS"]
[SourceTitle "playchess.com"]
[Source "ChessBase"]
[SourceQuality "1"]

{[%evp 11,76,12,31,-3,-3,-17,0,0,19,0,0,0,0,-14,2,5,18,0,4,-43,-41,-39,-26,-76,-33,-75,0,-62,-47,-79,-25,-34,-47,-40,-6,-14,-14,-40,-40,-35,-34,-41,-26,-36,-41,-91,-70,-97,-89,-352,-121,-456,-467,-554,-552,-700,-730,-708,-693,-702,-704,-657,-664,-1192,-1229,-29993,-29994]} 1. d4 d5 2. c4 e6 3. Nc3 Nf6 4. Nf3 Be7 5. Bf4 O-O 6. e3 c5 7. a3 {D37: Queen's Gambit Declined: 5 Bf4} (7. dxc5 Bxc5 8. a3 Nc6 9. Qc2 Qa5 10. Rd1 Rd8 11. Be2 Ne4 12. cxd5 Nxc3 13. bxc3 exd5 14. O-O h6 15. a4 Bd6 16. Bxd6 Rxd6 17. c4 Rb8 18. c5 {½-½ (27) Mamedyarov,S (2790)-Karjakin,S (2753) Shamkir 2019}) 7... cxd4 8. exd4 dxc4 9. Bxc4 {The position is equal.} Nbd7 {[%cal Bb8d7,Bd7b6,Bb6d5,Bd5b4][%mdl 32]} 10. O-O Nb6 11. Bd3 Nbd5 12. Bg3 $146 ({Predecessor:} 12. Nxd5 Nxd5 13. Be5 b6 14. Qc2 h6 {0-1 (85) Zuluaga Mancilla,C (2372)-Tovio,I (2275) Puerto Boyaca 2012}) 12... a6 13. Ne5 b5 14. a4 {Black must now prevent Nc6.} Bb7 15. Ne2 Nb4 16. Bb1 Nh5 17. Ra3 Nd5 18. Rb3 f5 (18... b4 $17) 19. Nc1 (19. axb5 $11 axb5 20. Qd2) 19... Ndf4 20. f3 Rc8 (20... Nxg3 $17 21. hxg3 Nd5) 21. Rc3 $1 $11 Rxc3 22. bxc3 Nxg3 23. hxg3 Nd5 24. Qb3 Qc8 25. c4 bxc4 26. Nxc4 Bf6 27. Ne2 Bc6 28. Na5 {Strongly threatening Rc1.} Bd7 $36 {[%mdl 2048] Threatens to win with ...Nc3! Black fights for an advantage.} 29. Nc4 Qb8 30. Qa2 $2 {[%mdl 8192] [#]} (30. Qa3 $17) 30... Qb4 $2 (30... Nc3 $1 $19 {[%mdl 512] has better winning chances.} 31. Nxc3 Bxd4+ {[%mdl 64] Double Attack} 32. Kh2 Rf6) 31. Bxf5 $2 {[%mdl 8192] [#]} (31. Kh2 $17 {is more resistant.}) 31... Nc3 $1 $19 {[%cal Rc3a2][%mdl 64] Overworked Piece} (31... exf5 32. Ne3 $11) 32. Nxc3 {And now Ne2 would win.} Bxd4+ {[%mdl 64] Double Attack} (32... Qxc3 33. Kh2 $11) 33. Kh1 Rxf5 {[%cal Rf5h5]} 34. g4 {[#]} Rf6 $1 {[%cal Rf6h6][%mdl 512]} 35. g5 {[#]} Qc5 $1 {[%mdl 512] ( -> ...Rh6+!)} 36. g3 Qxg5 ({Not} 36... Bxc3 37. gxf6 Bxf6 38. Qe2 $16) 37. Ne4 Rh6+ 38. Kg2 Qh5 {Accuracy: White = 27%, Black = 55%.} 0-1

[Event "Eurasia Open Cup 2019"]
[Site "Ekaterinburg"]
[Date "2019.08.09"]
[Round "9.23"]
[White "Schepetkova, Margarita"]
[Black "Pogromsky, Mikhail"]
[Result "0-1"]
[WhiteElo "2241"]
[BlackElo "2414"]
[Annotator "TA"]
[PlyCount "60"]
[EventDate "2019.07.31"]
[EventType "swiss"]
[EventCountry "RUS"]
[SourceTitle "playchess.com"]
[Source "ChessBase"]
[SourceQuality "1"]

{[%evp 13,66,40,40,21,41,17,35,0,10,22,31,35,83,90,94,88,89,75,76,23,11,0,0,-254,-8,-8,0,-5,0,-13,-17,-24,-34,-32,-25,-25,-20,-106,-79,-66,-68,-88,-85,-69,-64,-66,-49,-45,-31,-309,-9,-29996,-29997,-29997,-29998]} 1. d4 Nf6 2. c4 e6 3. g3 d5 4. Bg2 g6 5. Nf3 Bg7 6. O-O O-O 7. Nc3 Nbd7 8. Bf4 {D77: Fianchetto Grünfeld: 6 0-0: Replies other than 6...c6} c6 9. Qd3 b6 $146 ({Predecessor:} 9... dxc4 10. Qxc4 Nd5 11. Bg5 N7f6 12. Rfd1 h6 13. Bd2 Qe7 14. Rac1 Rd8 15. h3 Bd7 {1-0 (45) Halkias,S (2600)-Raeva,E (2324) Kavala 2011}) 10. Rfd1 {White is slightly better.} Ba6 11. b3 Qe7 12. e4 Nh5 13. Bg5 f6 {aiming for ...dxc4.} 14. Bd2 {[%cal Re4d5]} ({Much weaker is} 14. exd5 fxg5 15. dxc6 g4 $15) 14... f5 15. exd5 exd5 16. Qe3 (16. Re1 $16 Qd6 17. Qe2) 16... Qd6 $11 17. cxd5 {Qe6+ is the strong threat.} Rae8 18. Ne5 $2 {[%mdl 8192] [#]} (18. Qg5 $11 {and White has nothing to worry.}) 18... Nxe5 $2 ({Black should play} 18... c5 $1 $19 {Threatens to win with ...cxd4.} 19. dxc5 bxc5) 19. dxe5 Rxe5 20. Qf3 c5 21. Re1 Rfe8 22. h3 Rxe1+ 23. Rxe1 Rxe1+ 24. Bxe1 Bd4 25. Ne2 (25. Kh2 $11 {keeps the balance.}) 25... Bxe2 26. Qxe2 Nxg3 $1 27. Qe8+ Kg7 28. Qc6 Qe5 $1 $36 {[%cal Re5e1][%mdl 2048] Black fights for an advantage.} 29. Bd2 Ne4 (29... f4 $5 {[%cal Rd4f2]} 30. Qd7+ Kh6 $17) 30. Qd7+ {[%mdl 64] [#] Double Attack} Kf6 {Played: Kg7-g8} 0-1

[Event "Eurasia Open Cup 2019"]
[Site "Ekaterinburg"]
[Date "2019.08.09"]
[Round "9.24"]
[White "Kavyev, Ruslan"]
[Black "Kopylov, Alexander A."]
[Result "0-1"]
[WhiteElo "2167"]
[BlackElo "2410"]
[Annotator "TA"]
[PlyCount "68"]
[EventDate "2019.07.31"]
[EventType "swiss"]
[EventCountry "RUS"]
[SourceTitle "playchess.com"]
[Source "ChessBase"]
[SourceQuality "1"]

{[%evp 26,68,19,0,39,12,57,5,18,0,27,0,17,19,56,45,36,6,66,0,32,-14,0,0,13,-24,0,-66,-45,-165,-160,-208,-221,-353,-338,-573,-569,-882,-945,-1469,-1440,-29993,-29994,-29994,-29995]} 1. d4 Nf6 2. c4 c5 3. d5 e6 4. Nc3 exd5 5. cxd5 d6 6. Nf3 a6 7. a4 g6 8. Nd2 Nbd7 9. e4 Bg7 10. Be2 O-O 11. O-O Rb8 12. f4 Re8 13. Qc2 Qc7 14. h3 h6 $146 {A77: Modern Benoni: Classical: 9...Re8 10 Nd2: 10...a6 and 10...Nbd7} (14... c4 $5) ({Predecessor:} 14... Nh5 15. Kh2 f5 16. exf5 Bxc3 17. Bxh5 Bxd2 18. fxg6 Bxc1 19. gxh7+ Kh8 20. Bxe8 Nf6 21. Raxc1 Nxe8 22. Qg6 {1-0 (34) Balla,T (2373)-Dudukovic,N (2244) Senta 2010}) 15. Kh1 b6 (15... c4 $5) 16. Nc4 ({White should try} 16. b3 $14) 16... b5 $11 {The position is equal.} 17. axb5 axb5 18. Na5 (18. Na3 $5 {[%cal Ra3b5]} b4 {[%mdl 64] Double Attack} 19. Ncb5 $11) 18... b4 19. Nb5 Qb6 20. Nc4 $1 {[%cal Rc4b6]} Qxb5 21. Nxd6 {[%mdl 64] Double Attack} Qb6 ({Black should play} 21... b3 $11 22. Qd1 Qb4 23. Nxe8 Nxe8) 22. e5 (22. Nxe8 $14 Nxe8 23. e5) 22... Rf8 (22... Bb7 $5) 23. exf6 (23. Rd1 {feels hotter.} Bb7 24. exf6 Qxd6 25. fxg7 Kxg7 26. b3) 23... Nxf6 {[%cal Bd7f6,Bf6e8,Be8d6,Bd6f5,Bf5g3][%mdl 32]} 24. Nxc8 Rbxc8 25. Qc4 Rfd8 26. Bf3 ({Better is} 26. Ra6 $11 Qb7 27. f5) 26... Ne8 $15 27. Be3 {[#]} (27. Ra6 $15 Nd6 28. Qa2) 27... Nd6 $1 $36 {[%cal Rd6c4][%mdl 2048] Black is really pushing.} ({Reject} 27... Bxb2 $6 28. Ra6 $11) 28. Qe2 {[#]} Re8 $1 {And now ...Nf5 would win.} 29. Ra6 (29. Qa6 $142 Qd8 30. Bf2) 29... Qb8 30. Qf2 $2 (30. Bg4 f5 31. Re1) 30... Nf5 31. Bxc5 {[#]} Rxc5 $1 {[%mdl 512]} 32. Qxc5 Qxf4 {( -> ...Ng3+)} 33. Qc1 Ng3+ {[%mdl 64] Double Attack} 34. Kg1 Bd4+ {Accuracy: White = 17%, Black = 57%.} 0-1

[Event "Eurasia Open Cup 2019"]
[Site "Ekaterinburg"]
[Date "2019.08.09"]
[Round "9.25"]
[White "Dubnikova, Anastasia"]
[Black "Radzhabov, Rodion"]
[Result "0-1"]
[WhiteElo "1991"]
[BlackElo "2404"]
[Annotator "TA"]
[PlyCount "106"]
[EventDate "2019.07.31"]
[EventType "swiss"]
[EventCountry "RUS"]
[SourceTitle "playchess.com"]
[Source "ChessBase"]
[SourceQuality "1"]

{[%evp 25,106,54,44,25,26,-3,0,14,43,31,37,10,85,90,92,91,96,61,82,57,103,102,136,143,134,164,164,160,260,257,260,183,278,284,270,69,63,-16,-27,-51,143,62,114,79,92,68,73,0,0,-52,-46,-49,-8,-87,-83,-186,0,-93,-77,-85,-77,-191,-225,-410,-421,-414,-370,-425,-425,-425,-417,-480,-449,-810,-818,-815,-808,-797,-776,-1331,-716,-691,-665]} 1. Nf3 Nf6 2. c4 e6 3. Nc3 c5 4. g3 b6 5. Bg2 Bb7 6. O-O Be7 7. Re1 O-O 8. e4 d6 9. d4 cxd4 10. Nxd4 Qc7 11. b3 a6 12. Bb2 Nbd7 13. Rc1 Rac8 14. g4 {A30: Symmetrical English: Double Fianchetto and Hedgehog} g6 15. h3 Rfe8 16. Nde2 {The position is equal.} (16. Kh1 Qb8 17. Qd2 Bf8 18. Rcd1 Qa8 19. g5 Nh5 20. Kg1 Nc5 21. f3 e5 {0-1 (31) Anton Guijarro,D (2642)-Perunovic,M (2597) Skopje 2018}) 16... Qb8 $146 ({Predecessor:} 16... e5 17. Ng3 Nc5 18. Qd2 Ne6 19. Nd5 Qd8 20. Nxe7+ Qxe7 21. Rcd1 Red8 {1-0 (42) Akbarinia,S (2413)-Dahale,A (1969) Barcelona 2015}) 17. Ng3 Nf8 18. Qd4 Bc6 (18... b5 $11 {keeps the balance.}) 19. Nd5 $16 Bxd5 20. exd5 e5 21. Qe3 N6d7 22. g5 h6 23. h4 Nh7 24. Ne4 hxg5 25. hxg5 Nc5 {With the idea ...Nxe4.} 26. f4 Nxe4 (26... b5 $16) 27. Bxe4 $18 ({Resist} 27. Qxe4 $6 b5 $16) 27... Qc7 28. Qd3 f5 (28... Bf8 $142 29. Re2 Bg7) 29. gxf6 $1 Bxf6 30. Rc2 $2 ({White must play} 30. Bxg6 $18 Qg7 31. fxe5 dxe5 32. Kf2) 30... exf4 $14 31. Bxf6 (31. Bc1 $14) 31... Nxf6 $11 32. Rg2 {Strongly threatening Kf1.} Re7 $2 (32... Qf7 $1 $15) 33. Rxg6+ (33. Qh3 $16 Rce8 34. Qf5 {[%mdl 64] Double Attack}) 33... Rg7 (33... Kf7 $14) 34. Re2 Re8 35. Reg2 Rxg6 36. Rxg6+ ({White should play} 36. Bxg6 $16 Re1+ 37. Kh2) 36... Kf7 37. Bf5 ({White should try} 37. Qh3 $11 Rxe4 38. Rxf6+ $1 {[%mdl 512]} Kxf6 39. Qh6+ Kf5 40. Qh5+ Kf6 41. Qh6+ Ke5 42. Qh8+ Kf5 43. Qh5+ Kf6 44. Qh6+) 37... Qc5+ $15 38. Kg2 Re1 39. Be6+ (39. Kh2 $1 $11 {remains equal.}) 39... Ke7 $1 $17 {( -> ...Qg1+)} ({But not} 39... Ke8 $6 40. Rg8+ $1 {[%mdl 512]} (40. Rxf6 Qg1+ 41. Kh3 Qh1+ 42. Kg4 Rg1+ 43. Kxf4 Qh2+ {[%mdl 64] Double Attack} 44. Ke3 Qe5+ 45. Qe4 Re1+ {[%mdl 64] Skewer} 46. Kd2 Rxe4 47. Bf7+ Kd8 48. Rxd6+ Qxd6 49. Bh5 Qh6+ 50. Kd3 Qe3+ 51. Kc2 Qf2+ 52. Kc1 Re1+ 53. Bd1 Qe2 54. d6 Rxd1#) 40... Ke7 41. Re8+ $1 {[%mdl 512]} Kxe8 42. Qg6+ Kd8 43. Qxf6+ Kc7 44. Qf7+ Kb8 45. Qe8+ Kb7 46. Qe7+ Ka8 47. Qe8+ Kb7 48. Qe7+ Ka8 49. Qf8+ Kb7 50. Qe7+ $11) 40. Kh2 {[#]} (40. Rg7+ $17 {was the only defense.} Kd8 41. Kh2) 40... Qe3 $2 $40 {[%mdl 128] White needs to defend precisely.} (40... Ne4 $1 $19 41. Qf3 Qe3 42. Qxe3 fxe3) 41. Rg7+ (41. Qxe3 $11 fxe3 42. Kg2) 41... Kd8 42. Qxe3 fxe3 {[%mdl 4096] Endgame KRB-KRN} 43. Kg2 (43. Rg1 $17 Re2+ 44. Kg3) 43... Ne4 $19 {...e2 is the strong threat.} 44. Rg4 $2 (44. Bg4 {is a better defense.} e2 45. Bxe2 Rxe2+ {[%mdl 64] Double Attack} 46. Kf3) 44... Nc3 45. Rg8+ Ke7 46. Rg7+ Kf6 47. Rf7+ Ke5 {aiming for ...e2.} 48. Re7 Kd4 {Black is clearly winning.} 49. a4 (49. Bg4 $142 b5 50. cxb5 axb5 51. a4) 49... e2 {White must now prevent ...Rg1+!} 50. Bg4 a5 51. Bf3 Kd3 52. b4 Kxc4 53. bxa5 bxa5 {Accuracy: White = 29%, Black = 50%.} 0-1

[Event "Eurasia Open Cup 2019"]
[Site "Ekaterinburg"]
[Date "2019.08.09"]
[Round "9.26"]
[White "Popov, Mikhail"]
[Black "Polosin, Evgeni"]
[Result "1-0"]
[WhiteElo "2397"]
[BlackElo "2153"]
[Annotator "TA"]
[PlyCount "77"]
[EventDate "2019.07.31"]
[EventType "swiss"]
[EventCountry "RUS"]
[SourceTitle "playchess.com"]
[Source "ChessBase"]
[SourceQuality "1"]

{[%evp 9,77,-24,-12,-43,-36,-45,-25,-32,2,-27,-2,-44,13,0,7,16,81,83,83,10,18,18,20,12,12,0,0,24,179,107,108,104,115,78,175,193,203,186,192,192,191,185,343,310,359,341,354,354,351,155,166,0,361,346,557,550,530,533,883,853,779,518,1725,1058,5265,5261,29990,29984,29985,5722]} 1. e4 e5 2. d4 exd4 3. Qxd4 Nc6 4. Qe3 Nf6 5. Bd2 Be7 {White should prevent ...d5.} 6. c4 {C22: Centre Game} (6. Nc3 d5 7. Nxd5 Nxd5 8. exd5 Qxd5 9. Ne2 O-O 10. Nf4 Qc5 11. O-O-O Bf5 12. Qxc5 Bxc5 13. Bd3 Bxd3 14. Nxd3 Bb6 15. Rhe1 Rfe8 16. c3 Kf8 {½-½ (60) Artemiev,V (2704)-Fedoseev,V (2706) Poikovsky 2018}) 6... O-O 7. Nc3 d6 8. O-O-O {Black has an edge.} a6 $146 ({Predecessor:} 8... Ng4 9. Qe1 f5 10. h3 Nf6 11. exf5 Bxf5 12. g4 Bg6 13. f4 {1-0 (34) Munoz,M (2451)-Soler Lopez,H (1979) Barcelona 2016}) 9. Nd5 b5 10. Bc3 Nxd5 (10... Rb8 $15) 11. cxd5 $11 Ne5 12. f4 Ng6 (12... c5 $11 {keeps the balance.}) 13. Nf3 $16 Bf6 14. Bd2 (14. f5 $16 Ne5 15. Bxe5 dxe5 16. Kb1) 14... Re8 $1 $11 15. Bd3 Bb7 16. g4 {Hoping for g5.} c6 $1 {[%cal Rc6d5]} 17. dxc6 Bxc6 18. g5 $36 {[%mdl 2048] White fights for an advantage.} Be7 $2 (18... d5 $1 $11 {and Black is okay.} 19. e5 d4) 19. Kb1 (19. h4 $1 $18) 19... d5 $16 {Threatens to win with ...dxe4.} 20. e5 $1 d4 21. Qe2 Qd5 (21... Qd7 $16 {was worth a try.}) 22. Rhf1 $18 Nf8 23. f5 Bd6 {[%cal Rd6e5]} 24. Bf4 Nd7 {[%cal Rd6e5] [#]} 25. g6 $1 {[%cal Rg6f7]} Nxe5 $2 (25... Bxe5 $6 26. gxf7+ Qxf7 27. Nxe5 $16) (25... fxg6 {was necessary.} 26. fxg6 h6) 26. Bxe5 Bxe5 27. gxf7+ Kxf7 {[#] ...Bf6 is the strong threat.} 28. Ng5+ $1 Ke7 ({Reject} 28... Kf8 29. Be4 $18) 29. Be4 (29. Rc1 $18 {has better winning chances.}) 29... Qc4 $16 30. Bd3 $2 (30. Qe1 {And now Bxc6 would win.} Bd5 31. b3 (31. Bxd5 Qxd5 32. f6+ gxf6 $11)) 30... Qd5 $18 31. Rc1 Kd6 $2 (31... h6) 32. Be4 Bf6 {[#]} 33. Nf7+ $1 {[%mdl 576] Deflection} Qxf7 34. Rxc6+ Kd7 35. Rfc1 {Threatening mate with Rc7+.} Be5 (35... Qd5 $142) 36. Qf3 Rac8 37. Bd5 Qf8 38. Rxc8 {[%mdl 64] Overworked Piece} Rxc8 39. Be6+ {[%mdl 64] Skewer. Accuracy: White = 68%, Black = 32%.} 1-0

[Event "Eurasia Open Cup 2019"]
[Site "Ekaterinburg"]
[Date "2019.08.09"]
[Round "9.27"]
[White "Bivol, Alina"]
[Black "Khmelev, Mikhail"]
[Result "1-0"]
[WhiteElo "2391"]
[BlackElo "2013"]
[Annotator "TA"]
[PlyCount "65"]
[EventDate "2019.07.31"]
[EventType "swiss"]
[EventCountry "RUS"]
[SourceTitle "playchess.com"]
[Source "ChessBase"]
[SourceQuality "1"]

{[%evp 16,65,16,6,4,-18,47,33,29,33,35,29,38,24,23,0,13,0,75,73,70,74,308,295,266,111,97,103,103,103,91,70,72,72,77,70,68,4,102,33,114,114,114,115,423,428,411,267,29991,29992,29992,29993]} 1. e4 c5 2. Nf3 Nc6 3. d4 cxd4 4. Nxd4 e5 5. Nb5 d6 6. a4 Be6 7. N1c3 a6 8. Na3 Rc8 9. Bc4 Nd4 {B32: Sicilian: Löwenthal and Kalashnikov Variations} (9... Be7 {is interesting.} 10. O-O Nf6 11. Re1 Nb4 12. b3 O-O) 10. Bxe6 (10. Ba2 Qh4 11. Be3 d5 12. Bxd5 Bxd5 13. exd5 Nf6 14. O-O Nf5 15. Qf3 Nxe3 16. Qxe3 Ng4 17. Qg3 Qxg3 18. hxg3 {0-1 (63) Zhigalko,A (2532)-Fedorov,A (2603) Minsk 2005}) 10... Nxe6 ({Better is} 10... fxe6 $11 11. O-O Nf6) 11. O-O Nf6 $146 {White is slightly better.} ({Predecessor:} 11... Ne7 12. Be3 Ng6 13. Nd5 Ngf4 14. Bxf4 exf4 15. Qd2 Qg5 16. Rfe1 h5 17. Rad1 {½-½ (61) Salcedo Mederos,P-Diaz Castanet,J Cuba 1996}) 12. Be3 Be7 13. Qe2 Qc7 14. Rfd1 O-O 15. Rd2 Rfd8 16. Rad1 d5 (16... Qa5 $11 {keeps the balance.}) 17. Nxd5 $16 Nxd5 18. exd5 Bxa3 $2 (18... Nf4 $16 19. Bxf4 exf4) 19. dxe6 $18 ({Not} 19. bxa3 Nf8 $16) 19... Rxd2 20. Qxd2 (20. Rxd2 $18 Bf8 21. Rd7 {[%mdl 64] Double Attack}) 20... Bxb2 $16 21. Qd7 {[#] White threatens Qxc7 and mate.} fxe6 22. Qxe6+ Kh8 23. h4 Bd4 ({Avoid the trap} 23... Qxc2 $2 24. Rd2 $18) 24. Bxd4 exd4 25. Rxd4 Qxc2 {[%mdl 4096] Endgame KQR-KQR} 26. Qf7 (26. Qe7 $14 Qb1+ 27. Kh2) 26... h6 (26... b5 $11) 27. Rd7 (27. Qxb7 $16 Rc4 28. Qd7) 27... Qc3 (27... Rg8 $14) 28. Rxb7 Qe5 {[%cal Rc8c1] [#]} 29. g3 $1 Rc1+ $2 {[%mdl 8192]} (29... Rg8 $16 {is a better chance.}) 30. Kh2 $18 {aiming for Re7.} Rc2 {If only Black now had time for ...Rb2....} 31. Rd7 {Threatens to win with Rd8+.} Rc6 $2 (31... Qf6 $18 32. Qe8+ Kh7 33. Qe4+ {[%mdl 64] Double Attack} Qg6 34. Qxg6+ Kxg6 35. Rd6+ Kf5) 32. Rd8+ Kh7 33. h5 {Accuracy: White = 54%, Black = 29%.} 1-0

[Event "Eurasia Open Cup 2019"]
[Site "Ekaterinburg"]
[Date "2019.08.09"]
[Round "9.28"]
[White "Kirillov, Anton"]
[Black "Guseva, Marina"]
[Result "0-1"]
[WhiteElo "1855"]
[BlackElo "2379"]
[Annotator "TA"]
[PlyCount "62"]
[EventDate "2019.07.31"]
[EventType "swiss"]
[EventCountry "RUS"]
[SourceTitle "playchess.com"]
[Source "ChessBase"]
[SourceQuality "1"]

{[%evp 9,62,0,0,5,30,36,35,30,34,28,92,0,0,0,43,30,64,64,61,44,47,49,55,26,45,38,45,45,45,49,46,18,25,17,25,3,16,7,21,0,0,-64,-72,-80,-71,-81,-80,-276,-285,-255,-268,-854,-815,-1318,-1229]} 1. e4 c6 2. Nc3 d5 3. Nf3 Bg4 4. Be2 e6 5. d4 Nf6 6. h3 {B11: Caro-Kann: Two Knights Variation} Bxf3 7. Bxf3 Bb4 8. e5 {White is slightly better.} Nfd7 9. O-O c5 (9... O-O $11) 10. a3 (10. Nxd5 $16 exd5 11. Bxd5) 10... Bxc3 $1 $11 11. bxc3 cxd4 $146 ({Predecessor:} 11... O-O 12. Rb1 b6 13. c4 {1-0 (42) Bologan,V (2654)-Gunina,V (2518) Almaty 2016}) 12. cxd4 Nb6 13. Be2 Nc6 14. f4 g6 15. Rb1 Qc7 16. Be3 O-O-O 17. Rf3 Kb8 18. Bf2 Na5 19. Be1 Nbc4 20. Bb4 Ka8 21. Rc3 Rc8 22. Kh1 Qd7 23. Qe1 {[#] Black must now prevent Bxa5.} Rc7 24. Qh4 h5 25. g4 (25. Qe1 $11) 25... Nc6 $15 26. Bxc4 dxc4 27. Bd6 Rcc8 28. Rxc4 $2 {[#]} (28. Rd1 $17) 28... b5 $1 $19 {[%cal Rb5c4]} 29. Rc5 Nxd4 30. Rxc8+ $2 (30. Qe7 Qxe7 31. Bxe7) 30... Rxc8 31. Qf2 Rxc2 {Accuracy: White = 30%, Black = 57%.} 0-1

[Event "Eurasia Open Cup 2019"]
[Site "Ekaterinburg"]
[Date "2019.08.09"]
[Round "9.29"]
[White "Pastukhov, Leonid"]
[Black "Chekletsov, Ilya"]
[Result "0-1"]
[WhiteElo "2215"]
[BlackElo "2374"]
[Annotator "TA"]
[PlyCount "34"]
[EventDate "2019.07.31"]
[EventType "swiss"]
[EventCountry "RUS"]
[SourceTitle "playchess.com"]
[Source "ChessBase"]
[SourceQuality "1"]

{[%evp 9,34,-139,-137,-196,-147,-197,-158,-201,-188,-199,-171,-413,-420,-410,-383,-560,-539,-724,-713,-1147,-908,-1735,-1722,-29989,-29990,-29991,-29992]} 1. e4 c5 2. a3 g6 3. b4 (3. Nc3 Bg7 4. Bc4 Nc6 5. d3 d6 6. h4 Nf6 7. Nge2 h5 8. Bg5 Nd4 9. Nxd4 cxd4 10. Nd5 Nxd5 11. Bxd5 {1-0 (62) Carlsen,M (2832)-Guseinov,G (2645) chess.com INT 2017}) 3... Bg7 4. c3 d5 5. bxc5 dxe4 6. Qa4+ {B20: Sicilian: Unusual White 2nd moves} (6. f3 $17) 6... Nc6 7. Qxe4 Nf6 8. Qh4 $146 {Black is clearly better.} ({Predecessor:} 8. Qa4 e5 9. Bb5 Qd5 10. Nf3 Bg4 11. Be2 e4 12. Nd4 Bxe2 13. Kxe2 O-O 14. Nxc6 bxc6 15. Re1 Qh5+ 16. Kf1 Qxh2 {0-1 (16) Karlicek,P (2032)-Amstadt,A (2196) Cesky Krumlov 2008}) 8... O-O {[%mdl 1024] Black has strong compensation.} 9. Nf3 e5 10. Bc4 $2 {[#]} (10. Be2 {was called for.}) 10... e4 $19 11. Ng5 Ne5 12. Nxe4 (12. Nxf7 $142 Nxf7 13. a4) 12... Nxe4 13. Qxe4 Bf5 14. Qe2 Nxc4 15. Qxc4 Bd3 16. Qf4 Re8+ 17. Kd1 Qd5 {[%mdl 64] Double Attack} 0-1

[Event "Eurasia Open Cup 2019"]
[Site "Ekaterinburg"]
[Date "2019.08.09"]
[Round "9.30"]
[White "Krasikov, Vladislav"]
[Black "Tunik, Gennady"]
[Result "0-1"]
[WhiteElo "2211"]
[BlackElo "2371"]
[Annotator "TA"]
[PlyCount "97"]
[EventDate "2019.07.31"]
[EventType "swiss"]
[EventCountry "RUS"]
[SourceTitle "playchess.com"]
[Source "ChessBase"]
[SourceQuality "1"]

{[%evp 16,97,7,9,54,0,0,0,0,0,0,0,0,0,0,0,0,0,0,0,77,106,75,33,62,56,100,90,106,92,92,62,67,78,108,79,94,88,75,81,85,14,23,25,25,25,22,-25,-22,-21,-4,-13,-11,-54,-50,-81,-63,-105,-106,-95,-97,-119,-112,-142,-105,-168,-121,-109,-93,-133,-123,-133,-97,-204,-197,-197,-185,-369,-355,-373,-363,-388,-375,-369]} 1. d4 Nf6 2. c4 e6 3. Nc3 Bb4 4. Qc2 O-O 5. a3 Bxc3+ 6. Qxc3 b6 7. Bg5 Bb7 8. f3 d6 9. e4 Nc6 $146 {[%cal Bb8c6,Bc6d4,Bd4b3][%mdl 32] With the idea ...Nxe4! E32: Nimzo-Indian: Classical (4 Qc2): 4...0-0} ({Predecessor:} 9... c5 10. dxc5 bxc5 11. Rd1 Nc6 12. Bxf6 gxf6 13. Ne2 e5 14. Ng3 Nd4 15. Bd3 Kh8 16. O-O Rg8 17. Qd2 Rg6 18. Rf2 Qd7 {½-½ (43) Howell,D (2698)-Svetushkin,D (2556) Heraklio 2017}) 10. e5 (10. Nh3 $14) 10... dxe5 11. dxe5 {[#]} Ne4 $1 {[%mdl 576] Double Attack. The position is equal.} 12. Bxd8 (12. fxe4 Qxg5) 12... Nxc3 13. Bxc7 Rfc8 14. Bd6 Nd4 {Threatening ...Nb3.} 15. Kf2 Na4 $1 16. Rd1 $36 {[%cal Ba1d1,Bd1d3,Bd3c3][%mdl 2080] White has the initiative.} Nb3 $1 17. Rd3 Nac5 (17... Nc1 $11 18. Rd2 Nb3) 18. Rc3 $16 a5 19. Nh3 a4 20. Nf4 Bc6 21. Ke3 f6 22. Nd3 Nb7 23. Nb4 Nxd6 24. exd6 Bd7 25. Bd3 Ra5 26. Rd1 Rh5 27. h3 Kf7 28. Be4 ({Better is} 28. f4 $16) 28... Na5 $11 29. Rdc1 Rhc5 {[%cal Ra5c4]} 30. Bd3 Nb7 31. Be4 Nxd6 32. Bd3 $1 Nb7 33. Na6 Ra5 34. c5 Nxc5 35. Nxc5 bxc5 36. b3 ({Much weaker is} 36. Bxh7 g6 $19) 36... axb3 37. Rxb3 Rc7 38. Bc4 Ke7 39. f4 h6 40. Rcc3 (40. Kf2 $17) 40... g5 41. g3 Rca7 42. h4 gxh4 43. gxh4 Bc6 44. Rd3 (44. Kf2 $17 {is a better defense.}) 44... Ra4 $19 45. Rbc3 f5 46. Bb3 $2 {[#]} (46. Kf2 {keeps fighting.}) 46... Re4+ {Black is winning.} 47. Kd2 Rxf4 48. Rxc5 Be4 49. Re3 {Accuracy: White = 38%, Black = 67%.} 0-1